00325 2200145 4500245004400000250001100044100001700055650001700072650001600089005001900105260001800124041001400142084001400156336000900170 aThe Day Before DiedcRizki FaozanhText aCet. 1 aRizki Faozan aAutobiografi aKarya Siswa a20250522111404 aJakartac2025 aIndonesia a081 RIZ t atext